000 00864Cam#a22002657a#4500
003 AR-RoUNA
005 20190731122504.0
008 130924s1965||||bo|||||| |||| 0|spa d
040 _aAR-RoUNA
_bspa
041 _aspa
080 _a(083)69.02
092 _sEdil-Normas
_c(083)69.02
_lCOPANT
110 2 _aComision Panamericana de Normas Tecnicas.
_922639
245 1 0 _aCOPANT 3 9-001 :
_bTerminologia y definicion de los distintos elementos que componen un edificio /
_cComite Panamericano de Normas Tecnicas = Pan American Standards Committee.
260 _a[La Paz?] :
_bCOPANT,
_c1965.
300 _a14 p. ; :
_c29 cm.
500 _aEsquema 1 de Recomendacion.
650 4 _aNormas COPANT
650 4 _aTerminologia
650 4 _aElementos de edificios
908 _aImp;
930 _e10237
942 _2cdu
_cLIB
945 _aMTC
999 _c5572
_d5572